The Progressive Era of the United States - Statistics

General Stats
  • This quiz has been taken 38 times
  • The average score is 3 of 8
Answer Stats
Hint Answer % Correct
President who introduced the "New Freedom" domestic agenda and guided the U.S. through World War One. Thomas Woodrow Wilson
93%
Right for which the Alice Paul-led National Women's Party advocated during theFirst Wave of Feminism. Suffrage
68%
Term for journalists like Ida Tarbell who exposed the excesses of American industryand politics. Muckrakers/ Muckrating
61%
Chicago settlement house co-founded by Jane Addams Hull House
36%
Reformist governor of Wisconsin who ran as a Progressive in the Election of 1924. Robert La Follette
18%
Former vice president who ran as a Progressive in 1948 but only garnered two percent of the national vote Henry Wallace
7%
Sex educator and eugenicist who popularized the term "birth control." Margaret Sanger
7%
Governor and longtime senator from California who was a vocal opponent of the League of Nations. Hiram Warren Johnson
0%
No matching quizzes found
Score Distribution
Percent of People with Each Score
Percentile by Number Answered
Your Score History
You have not taken this quiz